Alle Gemeinden Österreichs mit "F" - Statistiken

Allgemein
  • Dieses Quiz wurde 22 mal gespielt
  • Das Durchschnittsergebnis liegt bei 19 aus 73
Antwortstatistiken
Bundesland Einwohner Gemeinde % Korrekt
Kärnten 1.091 Feld am See
86%
Vorarlberg 33.862 Feldkirch
86%
Steiermark 13.511 Feldbach
79%
Kärnten 4.924 Friesach
64%
Kärnten 7.105 Ferlach
57%
Niederösterreich 5.646 Fischamend
57%
Oberösterreich 7.960 Freistadt
57%
Steiermark 6.551 Frohnleiten
57%
Steiermark 8.625 Fürstenfeld
57%
Salzburg 699 Fusch an der Großglocknerstraße
57%
Salzburg 1.563 Fuschl am See
57%
Kärnten 9.050 Finkenstein am Faaker See
50%
Steiermark 2.613 Friedberg
50%
Steiermark 7.672 Fohnsdorf
43%
Tirol 4.426 Fulpmes
43%
Kärnten 14.307 Feldkirchen in Kärnten
36%
Oberösterreich 3.665 Frankenmarkt
36%
Vorarlberg 6.450 Frastanz
36%
Burgenland 2.859 Frauenkirchen
36%
Steiermark 7.246 Fehring
29%
Oberösterreich 5.380 Feldkirchen an der Donau
29%
Niederösterreich 2.332 Fels am Wagram
29%
Tirol 1.041 Fiss
29%
Salzburg 2.840 Flachau
29%
Steiermark 1.796 Fladnitz an der Teichalm
29%
Steiermark 2.911 Frauental an der Laßnitz
29%
Niederösterreich 475 Falkenstein
21%
Steiermark 6.508 Feldkirchen bei Graz
21%
Steiermark 4.813 Fernitz-Mellach
21%
Salzburg 1.493 Filzmoos
21%
Tirol 1.412 Finkenberg
21%
Oberösterreich 1.341 Fischlham
21%
Tirol 1.008 Flirsch
21%
Burgenland 2.779 Forchtenstein
21%
Oberösterreich 2.397 Fraham
21%
Oberösterreich 4.889 Frankenburg am Hausruck
21%
Kärnten 2.566 Frantschach-St. Gertraud
21%
Vorarlberg 714 Fraxern
21%
Tirol 4.225 Fügen
21%
Tirol 1.401 Fügenberg
21%
Tirol 378 Faggen
14%
Niederösterreich 821 Fallbach
14%
Kärnten 623 Feistritz an der Gail
14%
Kärnten 2.498 Feistritz im Rosental
14%
Kärnten 2.203 Feistritz ob Bleiburg
14%
Oberösterreich 1.990 Feldkirchen bei Mattighofen
14%
Niederösterreich 4.349 Felixdorf
14%
Tirol 253 Fendels
14%
Kärnten 2.122 Ferndorf
14%
Tirol 4.321 Fieberbrunn
14%
Steiermark 1.526 Fischbach
14%
Tirol 1.304 Flaurling
14%
Tirol 3.051 Fließ
14%
Tirol 261 Forchach
14%
Oberösterreich 987 Fornach
14%
Salzburg 555 Forstau
14%
Niederösterreich 1.956 Frankenfels
14%
Oberösterreich 1.002 Franking
14%
Oberösterreich 1.452 Freinberg
14%
Kärnten 1.206 Fresach
14%
Tirol 2.168 Fritzens
14%
Niederösterreich 867 Furth an der Triesting
14%
Niederösterreich 2.959 Furth bei Göttweig
14%
Salzburg 3.100 Faistenau
7%
Niederösterreich 1.051 Feistritz am Wechsel
7%
Steiermark 2.406 Feistritztal
7%
Niederösterreich 1.799 Ferschnitz
7%
Kärnten 1.211 Flattach
7%
Vorarlberg 441 Fontanella
7%
Burgenland 1.104 Frankenau-Unterpullendorf
7%
Kärnten 3.566 Frauenstein
7%
Vorarlberg 3.919 Fußach
7%
Steiermark 1.204 Floing
0%
Keine übereinstimmenden Quizze gefunden
Verteilung der Resultate
Anzahl Personen mit jedem Resultat
Perzentil nach korrekt beantworteten Fragen
Ihre Resultats-Entwicklung
Sie haben dieses Quiz noch nicht gespielt